01713nam a2200277 a 4500008004100000020001500041050001300056100003000069245004100099250001200140260003500152300002200187350000900209650002300218650001800241700002000259995014800279995014800427995014800575995014300723999001700866952014400883952014401027952013201171952013201303120416s1989 ||||||||||||||||| || u a0394374223 aP 95 Hyb aWeaver, Richard L., 1941-10aCommunicating effectively. (2nd ed.) a2nd ed. aNew York :bRandom Housec1989 axvi, 451p. : ill. a0.00 0aORAL COMMUNICATION aCOMMUNICATION aHybels, Saundra aMAIN LIBRARY OPEN ACCESSD0.00e725672FCBU-MAIN LIBRARY (Kitwe)H4I53.00jP 95 HybM2UAVAILABLEy010445ZMain Library Open Access Collection aMAIN LIBRARY OPEN ACCESSD0.00e725670FCBU-MAIN LIBRARY (Kitwe)H1I53.00jP 95 HybM1UAVAILABLEy010443ZMain Library Open Access Collection aMAIN LIBRARY OPEN ACCESSD0.00e725671FCBU-MAIN LIBRARY (Kitwe)H2I53.00jP 95 HybM3UAVAILABLEy010446ZMain Library Open Access Collection aMAIN LIBRARY OPEN ACCESSD0.00e725668FCBU-MAIN LIBRARY (Kitwe)H3I53.00jP 95 HybM4ULOSTy010447ZMain Library Open Access Collection c79529d79529 00102lcc4070a001b001cMain Library Open Access Collectiond2023-06-29l1oP 95 Hybp010445r2025-03-10s2025-02-20t1w2023-06-29y002 00102lcc4070a001b001cMain Library Open Access Collectiond2023-06-29l2oP 95 Hybp010443r2025-02-27s2025-02-24t2w2023-06-29y002 00102lcc4070a001b001cMain Library Open Access Collectiond2023-06-29l0oP 95 Hybp010446r2023-06-29t3w2023-06-29y002 00102lcc4070a001b001cMain Library Open Access Collectiond2023-06-29l0oP 95 Hybp010447r2023-06-29t4w2023-06-29y002